| 000 | 04502cam a2200901 a 4500 | ||
|---|---|---|---|
| 999 | _c55771 | ||
| 001 | 12508871 | ||
| 003 | LIBRIS | ||
| 005 | 20210202130300.0 | ||
| 008 | 120128s2012 sw |||||||||||000 0|swe| | ||
| 020 |
_a9789153438175 _qinb. |
||
| 035 | _a(Bo)491978 | ||
| 040 |
_aLGEN _dS _ea |
||
| 041 | _aswe | ||
| 082 | 0 | 4 |
_a641.564 _223/swe |
| 084 |
_aQcaa _2kssb/8 |
||
| 084 | _aMåltidsakademiens biblioteksstiftelse | ||
| 084 | _aMåltidslitteratur 2012 | ||
| 084 | _aKategori: Vardagsmåltider | ||
| 100 | 1 |
_aKleberg von Sydow, Ebba, _d1981- _0https://libris.kb.se/pm1366675gbqz4m#it |
|
| 245 | 1 | 0 |
_aSommar med systrarna von Sydow : _b[syndigt gott för vardag och fest] / _ctext: Ebba Kleberg von Sydow, Amy von Sydow Green ; recept: Amy von Sydow Green, Katja Palmdahl] ; foto: Tomas Yeh ; form: Lisa Kullberg. |
| 246 | 1 | 0 | _aSystrarna von Sydow |
| 264 | 1 |
_aVästerås : _bIca, _c2012 |
|
| 264 | 3 | _aSlovenien | |
| 300 |
_a158 s. _bill. _c30 cm |
||
| 541 | _5Gma | ||
| 541 | _5Og | ||
| 650 | 7 |
_aMatlagning _0https://id.kb.se/term/sao/Matlagning _2sao |
|
| 650 | 7 |
_aSommaren _0https://id.kb.se/term/sao/Sommaren _2sao |
|
| 650 | 0 | _aSummer | |
| 650 | 0 | _aCooking | |
| 655 | 7 |
_aKokböcker _0https://id.kb.se/term/saogf/Kokb%C3%B6cker _2saogf |
|
| 700 | 1 |
_aSydow Green, Amy von, _d1978- _0https://libris.kb.se/0xbfmlkj5b7hzf7#it |
|
| 700 | 1 |
_aPalmdahl, Katja, _d1966- _0https://libris.kb.se/qn25b6084z304w3#it |
|
| 887 |
_a{"@id":"1kcfgm3c3pr33gr","modified":"2017-10-10T12:05:38+02:00","checksum":"181001935923"} _2librisxl |
||
| 887 |
_a{"@id":"48g3kdb93503pg4","modified":"2014-04-01T12:00:14+02:00","checksum":"93013878660"} _2librisxl |
||
| 887 |
_a{"@id":"8dl0dfxf05lncrv","modified":"2012-07-17T09:08:13+02:00","checksum":"95055255504"} _2librisxl |
||
| 887 |
_a{"@id":"z39pzp241vmt7sz","modified":"2012-05-14T13:45:26+02:00","checksum":"86738036805"} _2librisxl |
||
| 887 |
_a{"@id":"6bjzcw5c2vb4b9k","modified":"2012-06-12T15:28:15+02:00","checksum":"96708998085"} _2librisxl |
||
| 887 |
_a{"@id":"qv2gv0gw1h5563b","modified":"2012-05-31T10:54:41+02:00","checksum":"80927407632"} _2librisxl |
||
| 887 |
_a{"@id":"hmvn65cn5jpgc4q","modified":"2015-06-22T10:49:01+02:00","checksum":"91879560843"} _2librisxl |
||
| 887 |
_a{"@id":"x28njjj33kz9qjz","modified":"2012-04-20T17:04:41+02:00","checksum":"70328492151"} _2librisxl |
||
| 887 |
_a{"@id":"w17m084222drf3h","modified":"2012-05-21T15:17:30+02:00","checksum":"82736921483"} _2librisxl |
||
| 887 |
_a{"@id":"rw3hvqkx5lzr64z","modified":"2012-05-29T09:19:23+02:00","checksum":"114449965512"} _2librisxl |
||
| 887 |
_a{"@id":"qv2gqkmw4lpkmt7","modified":"2012-05-15T15:03:13+02:00","checksum":"93830497822"} _2librisxl |
||
| 887 |
_a{"@id":"bgn31dnh588xwcc","modified":"2012-09-12T15:06:17+02:00","checksum":"79331840151"} _2librisxl |
||
| 887 |
_a{"@id":"15crx7261vhffz4","modified":"2012-05-07T09:30:26+02:00","checksum":"88687894050"} _2librisxl |
||
| 900 | 1 | s |
_6100 _d1981- _uKleberg von Sydow, Ebba, _d1981- |
| 900 | 1 | s |
_6100 _d1981- _uKleberg von Sydow, Ebba, _d1981- |
| 900 | 1 | s |
_6700 _d1978- _uSydow Green, Amy von, _d1978- |
| 900 | 1 | s |
_6700 _d1978- _uSydow Green, Amy von, _d1978- |
| 942 |
_2z _cBOOK |
||